[Event "Pillsbury"]
[Site "Gatineau CAN"]
[Date "2026.02.24"]
[Round "7"]
[White "Brault, Jean-Francois"]
[Black "Filion, Yves"]
[Result "1-0"]
[WhiteElo "1533"]
[BlackElo "1436"]
[WhiteFideId "-1"]
[BlackFideId "-1"]
[PlyCount "155"]
[GameId "2281831754530923"]
[EventDate "2026.01.05"]
[EventType "swiss"]
[EventRounds "7"]
[EventCountry "CAN"]
[TimeControl "90+30"]

1. e4 e5 2. Nf3 Nf6 3. d3 Nc6 4. Bg5 Be7 5. g3 h6 6. Bxf6 Bxf6 7. Bg2 Be7 8. c3 d5 9. Nbd2 Bg4 10. Qa4 Bxf3 11. Bxf3 d4 12. c4 O-O 13. a3 a5 14. O-O Bg5 15. Qd1 g6 16. Bg4 h5 17. Bh3 Qd6 18. Nf3 Bh6 19. Nh4 Bg5 20. Ng2 Ne7 21. f4 exf4 22. Nxf4 Bxf4 23. gxf4 c5 24. Rf2 f5 25. e5 Qb6 26. Bg2 Kg7 27. Qf3 Rab8 28. Qd1 Ng8 29. Bf3 Nh6 30. h3 Qd8 31. Qe1 Nf7 32. Rg2 Rh8 33. e6 Re8 34. Bxh5 Nh8 35. Bf3 Qf6 36. Bd5 Re7 37. Re2 b6 38. a4 Rbe8 39. Qg3 Rg8 40. Rae1 Kf8 41. h4 Rgg7 42. Qg5 Qxg5+ 43. hxg5 Rh7 44. Rh2 Rxh2 45. Kxh2 Nf7 46. Kg3 Nd8 47. Re5 Nb7 48. Kf2 Ke8 49. Bc6+ Kf8 50. Rd5 Rc7 51. Bxb7 Rxb7 52. Rd6 Ke7 53. Rc6 Kd8 54. e7+ Rxe7 55. Rxg6 Re3 56. Rxb6 Rxd3 57. Rb5 Rd2+ 58. Ke1 Rc2 59. Rxc5 Ke7 60. Rxa5 Rxc4 61. b3 Rc1+ 62. Ke2 Rc3 63. Rxf5 Rxb3 64. a5 Ra3 65. Rd5 Ke6 66. Rb5 Re3+ 67. Kd2 Ra3 68. Rb6+ Kf5 69. a6 Kxf4 70. g6 Ke4 71. g7 Ra2+ 72. Kc1 Rg2 73. a7 Rg1+ 74. Kb2 Rg2+ 75. Ka3 Rg3+ 76. Rb3 Rxg7 77. a8=Q+ Ke5 78. Rb5+ 1-0

[Event "Pillsbury"]
[Site "Gatineau CAN"]
[Date "2026.02.24"]
[Round "7"]
[White "Latreille, Etienne"]
[Black "Zebaze, Dylane"]
[Result "1-0"]
[WhiteElo "1984"]
[BlackElo "1912"]
[WhiteFideId "-1"]
[BlackFideId "-1"]
[PlyCount "73"]
[GameId "2282142221303976"]
[EventDate "2026.01.05"]
[EventType "swiss"]
[EventRounds "7"]
[EventCountry "CAN"]
[TimeControl "90+30"]

1. e4 e6 2. d4 d5 3. Nd2 Nf6 4. e5 Nfd7 5. Bd3 c5 6. c3 Nc6 7. Ne2 cxd4 8. cxd4 f6 9. exf6 Nxf6 10. O-O Bd6 11. Nf3 O-O 12. Bf4 Bxf4 13. Nxf4 Ne4 14. Ne2 Qd6 15. Bxe4 dxe4 16. Nd2 Qd5 17. Nc3 Qxd4 18. Ndxe4 Qb4 19. Qa4 Bd7 20. Qxb4 Nxb4 21. Nc5 Bc8 22. Rae1 Rf6 23. a3 b6 24. N5e4 Nd3 25. Nxf6+ gxf6 26. Re2 e5 27. Rd2 Ba6 28. Rfd1 Rd8 29. g4 Rd4 30. f3 Kf7 31. Ne2 Nf4 32. Nxd4 exd4 33. Rxd4 Ne2+ 34. Kf2 Nxd4 35. Rxd4 Ke6 36. Ke3 Bb7 37. Rd8 1-0

[Event "Pillsbury"]
[Site "Gatineau CAN"]
[Date "2026.02.24"]
[Round "7"]
[White "Blais, Robert"]
[Black "Tsanov, Denise"]
[Result "1-0"]
[WhiteElo "1241"]
[BlackElo "1402"]
[WhiteFideId "-1"]
[BlackFideId "-1"]
[PlyCount "75"]
[GameId "2282627325051330"]
[EventDate "2026.01.05"]
[EventType "swiss"]
[EventRounds "7"]
[EventCountry "CAN"]

1. c4 c5 2. Nc3 d6 3. g3 g6 4. Bg2 Bg7 5. d3 Nc6 6. Nf3 Nf6 7. O-O O-O 8. Bd2 a6 9. a4 Qc7 10. Qc1 Bg4 11. Bg5 Nd4 12. Bxf6 Bxf3 13. Bxd4 cxd4 14. Nd5 Bxd5 15. Bxd5 Rab8 16. b4 Rfc8 17. b5 a5 18. f4 e6 19. Bg2 Qc5 20. Qd2 b6 21. Rac1 Re8 22. Bc6 Re7 23. Rf3 f5 24. Kg2 e5 25. e4 Qa3 26. Qc2 fxe4 27. Bxe4 Rf8 28. Rcf1 Kh8 29. f5 gxf5 30. Rxf5 Rxf5 31. Rxf5 Re6 32. Qf2 Re8 33. Qc2 Rf8 34. Qf2 Re8 35. Rf7 Qxa4 36. Kh3 Kg8 37. Bd5 Kh8 38. Rxg7 1-0

[Event "Pillsbury"]
[Site "Gatineau CAN"]
[Date "2026.02.24"]
[Round "7"]
[White "Desjardins, Michel"]
[Black "Thompson, Francis"]
[Result "1-0"]
[WhiteElo "1814"]
[BlackElo "1831"]
[WhiteFideId "-1"]
[BlackFideId "-1"]
[PlyCount "73"]
[GameId "2282627325084099"]
[EventDate "2026.01.05"]
[EventType "swiss"]
[EventRounds "7"]
[EventCountry "CAN"]

1. e4 e5 2. Nf3 Nc6 3. c3 d5 4. Qa4 f6 5. d3 Nge7 6. Be2 Bd7 7. Qb3 Na5 8. Qc2 c5 9. exd5 Nxd5 10. O-O Rc8 11. Rd1 Bd6 12. Bf1 O-O 13. Qe2 Re8 14. Nbd2 Bb8 15. Nb3 Ba4 16. Nfd2 Nf4 17. Qe3 Qb6 18. g3 Ne6 19. Bg2 Red8 20. Re1 Nxb3 21. Nxb3 Bxb3 22. axb3 Qxb3 23. Bd2 Qb5 24. Be4 Ng5 25. Bf5 Rc7 26. h4 Nf7 27. h5 c4 28. d4 a6 29. Qe4 h6 30. Rab1 Qc6 31. Qg4 exd4 32. cxd4 b5 33. Re6 Qd5 34. Rbe1 Ng5 35. Bxg5 g6 36. Bxf6 Qxf5 37. Qxf5 1-0

[Event "Pillsbury U1600"]
[Site "Gatineau CAN"]
[Date "2026.01.06"]
[Round "1"]
[White "Trahan, Benjamin"]
[Black "Lattafi, Ilias"]
[Result "1-0"]
[WhiteElo "1218"]
[BlackElo "1213"]
[WhiteFideId "-1"]
[BlackFideId "-1"]
[PlyCount "87"]
[GameId "2265984257985218"]
[EventDate "2026.01.05"]
[EventType "swiss"]
[EventRounds "7"]
[EventCountry "CAN"]

1. d4 d5 2. Bf4 Nf6 3. e3 Bf5 4. Bd3 Bg6 5. Nf3 Ne4 6. Qe2 e6 7. Nbd2 Bd6 8. Bg3 O-O 9. Nh4 f5 10. Nxg6 hxg6 11. Bxd6 Qxd6 12. O-O-O Nc6 13. a3 e5 14. c3 Rfe8 15. Rdf1 exd4 16. cxd4 f4 17. Qg4 Nxd2 18. Kxd2 fxe3+ 19. fxe3 Qe6 20. Qxe6+ Rxe6 21. Rf3 Rae8 22. Rhf1 Na5 23. Rg3 Kh7 24. Rf4 Nc4+ 25. Bxc4 dxc4 26. Rf7 R6e7 27. Rxe7 Rxe7 28. a4 Rf7 29. Rh3+ Kg8 30. Rf3 Rxf3 31. gxf3 Kf7 32. Kc3 Ke6 33. Kxc4 a6 34. b4 c6 35. b5 Kd7 36. bxa6 bxa6 37. Kc5 Kc7 38. e4 g5 39. e5 Kd7 40. a5 Ke6 41. Kxc6 g6 42. d5+ Kxe5 43. d6 Ke6 44. d7 1-0

[Event "Pillsbury U1600"]
[Site "Gatineau CAN"]
[Date "2026.01.06"]
[Round "1"]
[White "Bolduc, Christian"]
[Black "Chenard, Paul"]
[Result "0-1"]
[WhiteElo "1063"]
[BlackElo "971"]
[WhiteFideId "-1"]
[BlackFideId "-1"]
[PlyCount "56"]
[GameId "2265984257895099"]
[EventDate "2026.01.05"]
[EventType "swiss"]
[EventRounds "7"]
[EventCountry "CAN"]

1. e4 Nf6 2. Nc3 c6 3. d4 d5 4. e5 Ne4 5. Bd3 Bf5 6. Nf3 h6 7. O-O e6 8. Re1 Nxc3 9. bxc3 c5 10. Bxf5 exf5 11. Qd3 c4 12. Qxf5 g6 13. Qf4 Be7 14. e6 O-O 15. Qxh6 Bf6 16. Bg5 Qe7 17. Bxf6 Qxf6 18. e7 Re8 19. Ng5 Qg7 20. Qh3 Nc6 21. Re3 Rxe7 22. Rxe7 Nxe7 23. Re1 Nf5 24. a4 Rf8 25. Re5 f6 26. Ne6 Qh6 27. Nxf8 Qc1+ 28. Re1 Qxe1# 0-1

[Event "Pillsbury U1600"]
[Site "Gatineau CAN"]
[Date "2026.01.06"]
[Round "1"]
[White "Helbert, Elodie"]
[Black "Hourigan, Phelan"]
[Result "0-1"]
[WhiteElo "1112"]
[BlackElo "1107"]
[WhiteFideId "-1"]
[BlackFideId "-1"]
[PlyCount "98"]
[GameId "2265984257993411"]
[EventDate "2026.01.05"]
[EventType "swiss"]
[EventRounds "7"]
[EventCountry "CAN"]

1. d4 d5 2. c4 Nf6 3. Nc3 Bf5 4. e3 e6 5. a3 Nc6 6. Qa4 Be7 7. c5 O-O 8. Nf3 a6 9. Be2 Qd7 10. Qd1 Rad8 11. Bd3 Ne4 12. O-O Bf6 13. g3 Rfe8 14. Nh4 Bh3 15. Re1 Bxh4 16. Nxe4 dxe4 17. Bxe4 Bf6 18. Qh5 Bf5 19. Qf3 Bxe4 20. Qxe4 Qd5 21. f3 Qxe4 22. fxe4 e5 23. d5 Ne7 24. Rf1 c6 25. d6 Ng6 26. Rd1 Rd7 27. Bd2 Nf8 28. Ba5 Ne6 29. b4 Bd8 30. Rab1 Bxa5 31. bxa5 Nxc5 32. Rb4 Red8 33. Rc1 Nd3 34. Rcb1 Nxb4 35. Rxb4 Rb8 36. Kf1 Rxd6 37. Kf2 Rd2+ 38. Kg1 Rd3 39. Kf2 Rxa3 40. Rb1 Rxa5 41. Rd1 b5 42. Rd7 b4 43. Rd3 b3 44. Kf3 b2 45. Kg4 b1=Q 46. Rd7 Rc8 47. h4 Qb3 48. Kf5 Qe6+ 49. Kg5 Qg6# 0-1

[Event "Pillsbury U1600"]
[Site "Gatineau CAN"]
[Date "2026.01.06"]
[Round "1"]
[White "Lecorre, Joel"]
[Black "Patry, Onil"]
[Result "1-0"]
[WhiteElo "1339"]
[BlackElo "1205"]
[WhiteFideId "-1"]
[BlackFideId "-1"]
[PlyCount "91"]
[GameId "2265984257886906"]
[EventDate "2026.01.05"]
[EventType "swiss"]
[EventRounds "7"]
[EventCountry "CAN"]

1. d4 f5 2. e3 Nf6 3. Bd3 e6 4. Nd2 Be7 5. Ngf3 O-O 6. b3 b6 7. Bb2 Bb7 8. O-O Ne4 9. Nxe4 fxe4 10. Nd2 exd3 11. cxd3 d6 12. Qg4 Rf6 13. e4 Rg6 14. Qh3 Nd7 15. Nf3 Nf6 16. Qxe6+ Kh8 17. Nh4 Bc8 18. Nxg6+ hxg6 19. Qc4 a5 20. Rfe1 Ba6 21. Qf7 Qe8 22. Qxe8+ Rxe8 23. Re3 Kg8 24. f4 c5 25. d5 Bc8 26. Rae1 Ng4 27. Rf3 Bf6 28. Bxf6 Nxf6 29. Kf1 Nxd5 30. exd5 Rxe1+ 31. Kxe1 Bb7 32. Rg3 Kf7 33. Rg5 b5 34. Kd2 Kf6 35. Kc3 Ba6 36. d4 b4+ 37. Kd2 c4 38. Kc2 c3 39. h4 Bf1 40. g4 Be2 41. h5 Bf3 42. Rxg6+ Kf7 43. Rxd6 Bxg4 44. Ra6 Bxh5 45. Rxa5 Bf3 46. Kc1 1-0

[Event "Pillsbury U1600"]
[Site "Gatineau CAN"]
[Date "2026.01.06"]
[Round "1"]
[White "Bergeron-Collin, Laurent"]
[Black "Arcand, Pierre"]
[Result "0-1"]
[WhiteElo "1392"]
[BlackElo "1250"]
[WhiteFideId "-1"]
[BlackFideId "-1"]
[PlyCount "48"]
[GameId "2265984257915580"]
[EventDate "2026.01.05"]
[EventType "swiss"]
[EventRounds "7"]
[EventCountry "CAN"]

1. c4 e5 2. Nc3 Nf6 3. Nf3 Nc6 4. e3 d6 5. d4 exd4 6. exd4 Bg4 7. Be2 Be7 8. d5 Ne5 9. Nxe5 Bxe2 10. Qxe2 dxe5 11. Qxe5 O-O 12. O-O Re8 13. Qg3 Bd6 14. f4 Ne4 15. Nxe4 Rxe4 16. b3 Bc5+ 17. Kh1 Qf6 18. Rb1 Rae8 19. Bb2 Qh6 20. Rbd1 Bd6 21. Rde1 Rxe1 22. Rxe1 Rxe1+ 23. Qxe1 Qxf4 24. Bc1 Qxh2# 0-1

[Event "Pillsbury U1600"]
[Site "Gatineau CAN"]
[Date "2026.01.06"]
[Round "1"]
[White "Gratton, Marcel"]
[Black "Arruda-Ramalho, Philipe"]
[Result "1-0"]
[WhiteElo "1034"]
[BlackElo "1015"]
[WhiteFideId "-1"]
[BlackFideId "-1"]
[PlyCount "71"]
[GameId "2265984257530548"]
[EventDate "2026.01.05"]
[EventType "swiss"]
[EventRounds "7"]
[EventCountry "CAN"]

1. d4 d6 2. Bf4 c5 3. c3 Nc6 4. e3 Nf6 5. Bd3 e5 6. Bg3 e4 7. Bc2 d5 8. Ne2 c4 9. h3 Bd6 10. Nf4 O-O 11. Nd2 Qb6 12. b3 Qa6 13. b4 Qa3 14. Nb1 Qb2 15. Nd2 Qxc3 16. Rb1 Nxb4 17. Ba4 Nxa2 18. O-O Bb4 19. Ra1 Qa3 20. Qc2 c3 21. Rxa2 Bd7 22. Rxa3 cxd2 23. Rfa1 b5 24. Bb3 Rfc8 25. Qa2 a5 26. Nxd5 Nxd5 27. Bxd5 Ra6 28. Bb7 Be6 29. d5 Bc3 30. Bxc8 Rd6 31. Bxe6 fxe6 32. Bxd6 a4 33. Rd1 exd5 34. Qxd5+ Kh8 35. Qxe4 b4 36. Qe8# 1-0

[Event "Pillsbury U1600"]
[Site "Gatineau CAN"]
[Date "2026.01.13"]
[Round "2"]
[White "Chenard, Paul"]
[Black "Weckauf, Linus"]
[Result "0-1"]
[WhiteElo "971"]
[BlackElo "875"]
[WhiteFideId "-1"]
[BlackFideId "-1"]
[PlyCount "38"]
[GameId "2266922647188870"]
[EventDate "2026.01.05"]
[EventType "swiss"]
[EventRounds "7"]
[EventCountry "CAN"]

1. d4 e6 2. e3 Nf6 3. Bd3 d5 4. Nf3 Ne4 5. O-O g5 6. c4 g4 7. Ne5 f6 8. Nxg4 h5 9. Ne5 fxe5 10. dxe5 h4 11. h3 Rg8 12. Qh5+ Kd7 13. Qh7+ Bg7 14. c5 Ng5 15. Qxh4 Nf3+ 16. gxf3 Qxh4 17. Bb5+ c6 18. Bd3 Bxe5+ 19. Kh1 Qxh3# 0-1

[Event "Pillsbury U1600"]
[Site "Gatineau CAN"]
[Date "2026.01.13"]
[Round "2"]
[White "Helbert, Elodie"]
[Black "Gratton, Marcel"]
[Result "0-1"]
[WhiteElo "1112"]
[BlackElo "1034"]
[WhiteFideId "-1"]
[BlackFideId "-1"]
[PlyCount "118"]
[GameId "2266922647197063"]
[EventDate "2026.01.05"]
[EventType "swiss"]
[EventRounds "7"]
[EventCountry "CAN"]

1. e4 c6 2. Nc3 d5 3. Nf3 dxe4 4. Ne5 Bf5 5. Bc4 Nh6 6. d3 Qd6 7. Bf4 Qd4 8. dxe4 Qxd1+ 9. Rxd1 Bg6 10. O-O e6 11. Be3 Bh5 12. Rd3 Be7 13. f3 O-O 14. Bxh6 gxh6 15. Ng4 Kg7 16. h3 b5 17. Bb3 b4 18. Ne2 f6 19. Bxe6 a5 20. Nf4 Bg6 21. Bf5 a4 22. Ne6+ Kh8 23. Nxf8 Bxf8 24. Rd8 Kg7 25. e5 Bxf5 26. exf6+ Kf7 27. Nxh6+ Bxh6 28. Rd6 Be3+ 29. Kh1 Bg5 30. g4 Bxc2 31. f4 Bxf6 32. g5 Bxb2 33. Rh6 Na6 34. f5 Be4+ 35. Kg1 Bd4+ 36. Kh2 Bd3 37. Rxh7+ Kg8 38. Rh4 Be5+ 39. Kg1 Bxf1 40. Kxf1 Kg7 41. Re4 Re8 42. h4 Re7 43. f6+ Bxf6 44. Rg4 Bc3 45. Kf2 Kg6 46. Kf3 Nc5 47. Rc4 Re5 48. a3 Rf5+ 49. Kg4 Re5 50. axb4 Re4+ 51. Rxe4 Nxe4 52. h5+ Kg7 53. Kf5 Nd6+ 54. Ke6 Nf7 55. Kf5 Nxg5 56. Kxg5 Bxb4 57. h6+ Kh7 58. Kf5 a3 59. Ke4 a2 0-1

[Event "Pillsbury U1600"]
[Site "Gatineau CAN"]
[Date "2026.01.13"]
[Round "2"]
[White "Simard, Paul"]
[Black "Bergeron-Collin, Laurent"]
[Result "0-1"]
[WhiteElo "1194"]
[BlackElo "1292"]
[WhiteFideId "-1"]
[BlackFideId "-1"]
[PlyCount "98"]
[GameId "2266922647217545"]
[EventDate "2026.01.05"]
[EventType "swiss"]
[EventRounds "7"]
[EventCountry "CAN"]

1. d4 f5 2. c4 Nf6 3. Nf3 e6 4. Bf4 Bb4+ 5. Bd2 Bxd2+ 6. Nbxd2 b6 7. e3 Bb7 8. Be2 O-O 9. O-O d6 10. b4 a5 11. b5 Nbd7 12. Ng5 Qe7 13. Nh3 Ne4 14. Nxe4 Bxe4 15. Nf4 Nf6 16. Bd3 Bb7 17. Re1 Rad8 18. Qb3 Ne4 19. Bxe4 Bxe4 20. f3 Bb7 21. c5 Bc8 22. cxd6 Qxd6 23. Rad1 Kh8 24. d5 e5 25. Ne6 Bxe6 26. dxe6 Qe7 27. Rxd8 Rxd8 28. h3 h5 29. a4 Kh7 30. Kh2 Rd6 31. Qc2 g6 32. f4 Rxe6 33. Rd1 exf4 34. exf4 Re4 35. Qd2 Kh6 36. Qd7 Qxd7 37. Rxd7 Rxa4 38. Rxc7 Rb4 39. Rb7 Rxb5 40. h4 a4 41. Ra7 Ra5 42. Rb7 Ra6 43. g3 a3 44. g4 hxg4 45. h5 a2 46. Rf7 a1=Q 47. hxg6 Qb2+ 48. Kg3 Ra3+ 49. Kh4 Qh2# 0-1

[Event "Pillsbury U1600"]
[Site "Gatineau CAN"]
[Date "2026.01.13"]
[Round "2"]
[White "Trahan, Benjamin"]
[Black "Noumsi, Joel"]
[Result "1-0"]
[WhiteElo "1218"]
[BlackElo "1295"]
[WhiteFideId "-1"]
[BlackFideId "-1"]
[PlyCount "79"]
[GameId "2266922647233934"]
[EventDate "2026.01.05"]
[EventType "swiss"]
[EventRounds "7"]
[EventCountry "CAN"]

1. d4 e6 2. Bf4 d5 3. e3 c5 4. c3 Nc6 5. Nf3 Qb6 6. Qc2 Nf6 7. Nbd2 Ne4 8. Nxe4 dxe4 9. Nd2 f5 10. Nc4 Qd8 11. dxc5 Bxc5 12. Rd1 Qe7 13. Bd6 Bxd6 14. Nxd6+ Kf8 15. Nxc8 Rxc8 16. Qb3 Kf7 17. Bc4 Na5 18. Qa4 Nxc4 19. Rd7 Rc7 20. Rxe7+ Kxe7 21. Qxa7 Nxb2 22. Qa3+ Kf7 23. Qxb2 Rhc8 24. O-O b6 25. Rc1 Rd7 26. Qxb6 Rxc3 27. Qb2 Rcd3 28. Qb1 Rd2 29. Qa1 Re2 30. g3 Rdd2 31. Rc7+ Kg6 32. Qxg7+ Kh5 33. Qxh7+ Kg5 34. Rg7+ Kf6 35. Rf7+ Ke5 36. Qh8+ Kd5 37. Rd7+ Kc4 38. Qc8+ Kb4 39. Rb7+ Ka4 40. Qa8# 1-0

[Event "Pillsbury U1600"]
[Site "Gatineau CAN"]
[Date "2026.01.13"]
[Round "2"]
[White "Hourigan, Phelan"]
[Black "Patry, Onil"]
[Result "1-0"]
[WhiteElo "1107"]
[BlackElo "1205"]
[WhiteFideId "-1"]
[BlackFideId "-1"]
[PlyCount "45"]
[GameId "2266922647250322"]
[EventDate "2026.01.05"]
[EventType "swiss"]
[EventRounds "7"]
[EventCountry "CAN"]

1. e4 c5 2. Nc3 a6 3. Nf3 Nc6 4. d4 cxd4 5. Nxd4 d6 6. Be3 e6 7. Bc4 Be7 8. Qf3 Nf6 9. O-O-O Ne5 10. Qe2 Nxc4 11. Qxc4 O-O 12. Rdg1 b5 13. Qe2 Bb7 14. Bd2 Rc8 15. h4 d5 16. e5 Nd7 17. f4 Bxh4 18. Qh5 g6 19. Qh6 g5 20. g3 f6 21. gxh4 Rf7 22. hxg5 Rg7 23. gxf6 1-0

[Event "Pillsbury U1600"]
[Site "Gatineau CAN"]
[Date "2026.01.27"]
[Round "3"]
[White "Arcand, Pierre"]
[Black "Hourigan, Phelan"]
[Result "1/2-1/2"]
[WhiteElo "1250"]
[BlackElo "1107"]
[WhiteFideId "-1"]
[BlackFideId "-1"]
[PlyCount "90"]
[GameId "2271798019846157"]
[EventDate "2026.01.05"]
[EventType "swiss"]
[EventRounds "7"]
[EventCountry "CAN"]

1. e4 e5 2. Nf3 Nc6 3. Nc3 Nf6 4. Bb5 Bc5 5. h3 d6 6. d3 Bd7 7. Bg5 h6 8. Bh4 g5 9. Bg3 Qe7 10. a3 O-O-O 11. Qd2 Nd4 12. Bxd7+ Qxd7 13. Nxd4 Bxd4 14. f3 Nh5 15. Bf2 Nf4 16. Rg1 d5 17. Bxd4 exd4 18. Ne2 Nxe2 19. Qxe2 dxe4 20. fxe4 Qb5 21. O-O-O Rd6 22. Qg4+ Kb8 23. Qf5 Qxf5 24. exf5 Re8 25. Rge1 Rdd8 26. Kd2 Kc8 27. Rxe8 Rxe8 28. Re1 Rxe1 29. Kxe1 Kd7 30. Ke2 Kd6 31. g4 Ke5 32. Kf3 f6 33. b3 c5 34. a4 a6 35. Kg3 b5 36. axb5 axb5 37. Kf3 Kd5 38. Ke2 Ke5 39. Kf3 Kd5 40. Ke2 c4 41. bxc4+ bxc4 42. Kf3 cxd3 43. cxd3 Ke5 44. Kg3 Kd5 45. Kf3 Ke5 1/2-1/2

[Event "Pillsbury U1600"]
[Site "Gatineau CAN"]
[Date "2026.01.27"]
[Round "3"]
[White "Lattafi, Ayoub"]
[Black "Perrier, Vincent"]
[Result "0-1"]
[WhiteElo "1151"]
[BlackElo "1477"]
[WhiteFideId "-1"]
[BlackFideId "-1"]
[PlyCount "122"]
[GameId "2271798019866640"]
[EventDate "2026.01.05"]
[EventType "swiss"]
[EventRounds "7"]
[EventCountry "CAN"]
[TimeControl "90+30"]

1. e4 c5 2. Nf3 e6 3. d4 cxd4 4. Bc4 Nc6 5. c3 Qc7 6. O-O Nf6 7. Re1 dxc3 8. Nxc3 d6 9. Bg5 Be7 10. Qd2 O-O 11. Rad1 Rd8 12. Qe3 a6 13. e5 Ng4 14. Qf4 Ngxe5 15. Bxe7 Qxe7 16. Nxe5 Nxe5 17. Bb3 Bd7 18. Ne4 Bc6 19. Nxd6 Rxd6 20. Qxe5 Rad8 21. h3 h6 22. Bc2 Qg5 23. Qxg5 hxg5 24. Rxd6 Rxd6 25. Re2 f6 26. g4 Kf7 27. Bb3 Bd5 28. Bxd5 exd5 29. Kf1 Re6 30. Rd2 Re5 31. f3 Ke6 32. b4 Re3 33. Kf2 Rc3 34. Rb2 d4 35. Ke2 Kd5 36. b5 a5 37. a4 Kc4 38. b6 Re3+ 39. Kd2 Rxf3 40. Rb5 Rxh3 41. Rxa5 Rb3 42. Ra8 Rxb6 43. Rc8+ Rc6 44. Rxc6+ bxc6 45. Ke2 Kb4 46. Kd3 c5 47. a5 Kxa5 48. Kc4 g6 49. Kxc5 d3 50. Kc4 d2 51. Kc3 d1=Q 52. Kc4 Qxg4+ 53. Kc3 Qe4 54. Kb3 g4 55. Kb2 g3 56. Kc1 g2 57. Kd2 g1=R 58. Kc3 Rg3+ 59. Kd2 Qh4 60. Ke1 Qh2 61. Kf1 Rg1# 0-1

[Event "Pillsbury U1600"]
[Site "Gatineau CAN"]
[Date "2026.01.27"]
[Round "3"]
[White "Gratton, Marcel"]
[Black "Ubertelli, Giorgio"]
[Result "1-0"]
[WhiteElo "1034"]
[BlackElo "947"]
[WhiteFideId "-1"]
[BlackFideId "-1"]
[PlyCount "101"]
[GameId "2273131113812530"]
[EventDate "2026.01.05"]
[EventType "swiss"]
[EventRounds "7"]
[EventCountry "CAN"]

1. d4 d5 2. Bf4 Nc6 3. e3 Bf5 4. Nf3 Nb4 5. Na3 Nc6 6. Nb5 Rc8 7. Nc3 Nb4 8. Na4 Nxc2+ 9. Kd2 Nxa1 10. Qxa1 Qd7 11. Nc3 e6 12. Ne5 Qd8 13. a3 Bd6 14. Bb5+ c6 15. Ba4 Bxe5 16. Bxe5 Nf6 17. Ne2 O-O 18. Ng3 Bg6 19. h4 Be4 20. f3 Bf5 21. h5 Nd7 22. Nxf5 exf5 23. Bc2 Nxe5 24. Bxf5 Nd7 25. g4 Rc7 26. f4 Qe7 27. Qb1 Re8 28. Qd3 Nf6 29. g5 g6 30. gxf6 Qxf6 31. Bg4 Rce7 32. Re1 Qh4 33. Qe2 f5 34. Bf3 gxh5 35. Bxh5 Rf8 36. Rg1+ Rg7 37. Rf1 Qh3 38. Rf2 Kh8 39. Rh2 Qg3 40. Bf3 Rf6 41. Rg2 Qh3 42. Rh2 Qg3 43. Rf2 Rfg6 44. Kd3 h5 45. Rg2 Qh3 46. Rh2 Qg3 47. Rxh5+ Kg8 48. Rxf5 Qh3 49. Bh5 Rg3 50. Re5 Kf8 51. Re8# 1-0

[Event "Pillsbury U1600"]
[Site "Gatineau CAN"]
[Date "2026.01.13"]
[Round "2"]
[White "Boumaarafi, Lydia"]
[Black "Bolduc, Christian"]
[Result "0-1"]
[WhiteElo "950"]
[BlackElo "1060"]
[WhiteFideId "-1"]
[BlackFideId "-1"]
[PlyCount "98"]
[GameId "2273131113824824"]
[EventDate "2026.01.05"]
[EventType "swiss"]
[EventRounds "7"]
[EventCountry "CAN"]

1. d4 d5 2. Nc3 Nf6 3. e3 Bf5 4. Bd3 Bxd3 5. Qxd3 Nc6 6. Qb5 Rb8 7. Nf3 a6 8. Qd3 e6 9. Ne5 Bd6 10. Nxc6 bxc6 11. Qxa6 Rb6 12. Qa4 O-O 13. Bd2 Qd7 14. Ne2 Rxb2 15. Bc1 Rbb8 16. Ba3 Ra8 17. Qxa8 Rxa8 18. Bxd6 Qxd6 19. Rb1 h6 20. O-O Ne4 21. Rfc1 Nd2 22. Rb7 Rxa2 23. Rd1 Ne4 24. f3 Ng5 25. Rdb1 Rxc2 26. R7b2 Rxb2 27. Rxb2 Qa3 28. Rb8+ Kh7 29. Kf2 f6 30. Rc8 Qd6 31. g3 Nh3+ 32. Kg2 Ng5 33. f4 Ne4 34. Ra8 e5 35. dxe5 fxe5 36. Rc8 exf4 37. Nxf4 Qa3 38. Kf3 Nd2+ 39. Kg4 Qxe3 40. Rxc7 Qf3+ 41. Kf5 Qe4+ 42. Kg4 Nf1 43. Rxc6 Nxh2+ 44. Kh3 Nf1 45. Ne6 Qf3 46. Nf8+ Qxf8 47. Kg2 Ne3+ 48. Kh3 Qf5+ 49. Kh4 Qg4# 0-1

[Event "Pillsbury U1600"]
[Site "Gatineau CAN"]
[Date "2026.01.27"]
[Round "3"]
[White "Lattafi, Ilias"]
[Black "Desmarais, Zachary"]
[Result "1-0"]
[WhiteElo "1213"]
[BlackElo "1149"]
[WhiteFideId "-1"]
[BlackFideId "-1"]
[PlyCount "133"]
[GameId "2274170420432914"]
[EventDate "2026.01.05"]
[EventType "swiss"]
[EventRounds "7"]
[EventCountry "CAN"]

1. d4 d5 2. Nf3 Nc6 3. Bf4 f5 4. e3 Nf6 5. Bd3 e6 6. O-O Bd6 7. Bg3 Ne4 8. Nbd2 Bxg3 9. hxg3 Qd6 10. c3 Bd7 11. Qb3 O-O-O 12. a4 g5 13. Bxe4 fxe4 14. Nxg5 Na5 15. Qb4 Rdf8 16. Qxa5 a6 17. Qc5 Qxc5 18. dxc5 h6 19. Nh3 h5 20. b4 b5 21. axb5 Bxb5 22. Rfd1 c6 23. Ng5 Rfg8 24. Nf7 Rh7 25. Nd6+ Kd7 26. Nxb5 cxb5 27. Rxa6 Rh6 28. Rda1 Ke7 29. Ra7+ Kf6 30. c6 h4 31. c7 Rh7 32. gxh4 Rc8 33. Rb7 Rxh4 34. Raa7 Rch8 35. f4 exf3 36. Nxf3 Rc4 37. Rb8 Rh7 38. c8=Q Rxc8 39. Rxc8 Rxa7 40. Nd4 Ra1+ 41. Kh2 Re1 42. Nxb5 Rxe3 43. c4 Rb3 44. cxd5 Rxb4 45. Rc5 e5 46. d6 e4 47. d7 Ke7 48. Rd5 Kd8 49. Nd4 Rb6 50. g4 e3 51. Kh3 Rg6 52. Kh4 Rg8 53. Ne6+ Ke7 54. d8=Q+ Rxd8 55. Nxd8 Kf6 56. Kg3 e2 57. Kf2 Kg6 58. Kxe2 Kf6 59. g5+ Kg6 60. Kf3 Kg7 61. Rd6 Kg8 62. g6 Kg7 63. Kf4 Kg8 64. Rd7 Kh8 65. Kg5 Kg8 66. Ne6 Kh8 67. Rd8# 1-0

[Event "Pillsbury U1600"]
[Site "Gatineau CAN"]
[Date "2026.01.27"]
[Round "3"]
[White "Patry, Onil"]
[Black "Noumsi, Joel"]
[Result "1/2-1/2"]
[WhiteElo "1205"]
[BlackElo "1295"]
[WhiteFideId "-1"]
[BlackFideId "-1"]
[PlyCount "99"]
[GameId "2274170420453398"]
[EventDate "2026.01.05"]
[EventType "swiss"]
[EventRounds "7"]
[EventCountry "CAN"]

1. e4 e6 2. d4 d5 3. Nc3 c5 4. Nf3 Qa5 5. Bd2 Qb6 6. e5 cxd4 7. Na4 Qc6 8. b3 Qc7 9. Bd3 Nc6 10. Qe2 Bb4 11. c3 dxc3 12. Nxc3 d4 13. Nb5 Qa5 14. Nd6+ Kd7 15. Nxf7 Bc3 16. O-O Nxe5 17. Bxc3 Nxf3+ 18. Qxf3 Qxc3 19. Nxh8 Nh6 20. Bb5+ Ke7 21. Qf4 Qc5 22. Bd3 e5 23. Qg5+ Ke6 24. Bc4+ Kd6 25. Qd8+ Kc6 26. Rac1 Qa3 27. Bd5+ Kb5 28. Qe8+ Kb6 29. Qd8+ Kb5 30. Rxc8 Rxc8 31. Qxc8 Nf5 32. Qxb7+ Ka5 33. Qxa7+ Kb4 34. Qxa3+ Kxa3 35. Nf7 Kxa2 36. Nxe5 Kb2 37. Rd1 Kc2 38. Rd3 Kb2 39. b4 Ne7 40. Rxd4 Kc3 41. Rc4+ Kb3 42. Rc7+ Kxb4 43. Rxe7 Kc5 44. Rxg7 Kxd5 45. f4 Ke4 46. g3 h6 47. Rh7 Kf5 48. Rxh6 Ke4 49. Kg2 Kf5 50. Kf3 1/2-1/2

[Event "Pillsbury U1600"]
[Site "Gatineau CAN"]
[Date "2026.01.27"]
[Round "3"]
[White "Weckauf, Linus"]
[Black "Arruda-Ramalho, Philipe"]
[Result "0-1"]
[WhiteElo "875"]
[BlackElo "1015"]
[WhiteFideId "-1"]
[BlackFideId "-1"]
[PlyCount "88"]
[GameId "2274170420457495"]
[EventDate "2026.01.05"]
[EventType "swiss"]
[EventRounds "7"]
[EventCountry "CAN"]

1. e4 d6 2. g4 e5 3. g5 Qxg5 4. d4 Qg6 5. Bd3 Qg2 6. Qf3 Qg6 7. Nh3 Bg4 8. Qg3 Nf6 9. Be2 Qxe4 10. f3 Bxf3 11. Qxf3 Qxd4 12. c3 Qh4+ 13. Nf2 e4 14. Qh3 Qxh3 15. Nxh3 h6 16. Nf4 Nc6 17. Bc4 Ne5 18. Bd5 Be7 19. Na3 O-O 20. Nb5 c6 21. Nc7 Rac8 22. Nfe6 Nxd5 23. Nxf8 Nxc7 24. Rg1 Nf3+ 25. Kf1 Nxg1 26. Kxg1 Bxf8 27. Kf2 Re8 28. Bf4 Nd5 29. Bd2 e3+ 30. Bxe3 Nxe3 31. Re1 Ng4+ 32. Kf1 Nxh2+ 33. Kf2 Rxe1 34. Kxe1 g5 35. Kf2 h5 36. Kg1 Nf3+ 37. Kh1 g4 38. c4 h4 39. Kg2 g3 40. c5 d5 41. b4 Ne1+ 42. Kh1 b6 43. cxb6 Bd6 44. bxa7 g2+ 0-1